Теория и практика трудовой школы в Германии. Вып.1: К теории трудовой школы (Запись № 13492830)

Подробности
000 -МАРКЕР
контрольное поле 00831nam2a22002051 4500
001 - ИДЕНТИФИКАТОР ЗАПИСИ
контрольное поле RU\NLR\A1SV\146750
005 - ИДЕНТИФИКАТОР ВЕРСИИ
контрольное поле 20251214192838.0
035 ## - ДРУГИЕ СИСТЕМНЫЕ НОМЕРА
Идентификатор записи (NLR Aleph) 011343156
100 ## - ДАННЫЕ ОБЩЕЙ ОБРАБОТКИ
Данные общей обработки 20170302d1924 u y0rusy50 ca
101 0# - ЯЗЫК РЕСУРСА
Язык текста, звукозаписи и т.д. русский
200 1# - ЗАГЛАВИЕ И СВЕДЕНИЯ ОБ ОТВЕТСТВЕННОСТИ
Основное заглавие К теории трудовой школы
Первые сведения об ответственности Пабст А.
Основное заглавие произведения другого автора Начальное обучение
Первые сведения об ответственности Ресгер К.
215 ## - ФИЗИЧЕСКАЯ ХАРАКТЕРИСТИКА
Специфическое обозначение материала и объем 68 с.
Другие сведения о физической характеристике ил.
461 #1 - УРОВЕНЬ НАБОРА
Встроенное поле 001RU\NLR\A1SV\146748
-- 2000#$vВып.1
Системный номер (АБИС) связанной записи 11203475
Место публикации М.
Дата публикации [1924]
Первые сведения об ответственности Пабст А., Ресгер К., Бец К., Лангутт М., Штюблер Г. и др.
Имя издателя, распространителя и т.д. Гос. изд-во
Сведения, относящиеся к заглавию Сб. ст.
Заглавие Теория и практика трудовой школы в Германии
Номер тома Вып.1
801 #0 - ИСТОЧНИК ЗАПИСИ
Страна Российская Федерация
Организация NLR
Дата составления 20170302
852 ## - МЕСТОНАХОЖДЕНИЕ И ШИФР ХРАНЕНИЯ
Идентификатор организации NLR
942 ## - ДОПОЛНИТЕЛЬНЫЕ ЭЛЕМЕНТЫ ЗАПИСИ (АБИС)
Тип экземпляра АБИС Книга
980 ## - КОЛЛЕКЦИЯ
Название коллекции Международный сводный каталог русской книги (1918-1926)
980 ## - КОЛЛЕКЦИЯ
Название коллекции Национальная библиография

Нет доступных экземпляров.